000 01180nam a22003377a 4500
003 CHAP
005 20220329133404.0
008 971013s1992 r 00010 d
010 _a5788
011 _a6760
035 _a5983
040 _cCHAP
082 _a636.0824
_bS38y
100 0 0 _aSauveur, Bernard.
_9102769
245 _aReproducción de las aves
260 _aMadrid :
_bMundi-Prensa,
_c1992
300 _a350 p.
500 _a59-180
590 _aBATCH-UPD
_b10
_c20130110
_lUCH01
_h0228
590 _aBATCH-UPD
_b10
_c20130110
_lUCH01
_h2015
590 _aBATCH-UPD
_b10
_c20130410
_lUCH01
_h1333
590 _aBATCH-UPD
_b10
_c20130914
_lUCH01
_h0439
590 _aCONVERSION
_b10
_c20130109
_lUCH01
_h1304
650 1 4 _aAves
_xReproducción.
_98624
901 _aBK
942 _cLIBRO
949 _a636.0824 S38y
_bBC
_cLIBRO
_d33724000273165
_eLIBRO
_fc.2
_gI.165116
_h82342
_i5983
_si
_t210.00
949 _a636.0824 S38y
_bBC
_cLIBRO
_d33724000273173
_eLIBRO
_gI.165115
_h82341
_i5983
_si
_t210.00
949 _a636.0824 S38y
_bBC
_cLIBRO
_d33724000273181
_eLIBRO
_fc.4
_h85235
_i5983
_si
_t210.00
949 _a636.0824 S38y
_bBC
_cLIBRO
_d33724000273199
_eLIBRO
_fc.3
_h85234
_i5983
_si
_t210.00
999 _c5788
_d5788